000 01079 a2200193 4500
001 33425
005 20260407155626.0
008 260407a1969 arg spa d
003 AR-UNSa-BCEJYS
040 _aAR-UNSa-BCEJYS
_bspa
_cAR-UNSa-BCEJYS
080 _a658
_xAdministración de empresas. Organización comercial
245 1 0 _aNaturaleza y evolución de la función empresarial
264 1 _aMadrid :
_bAguilar
_c1969
300 _a562 p.
_c22 cm.
505 _aI: División generica de la tendencias : 1. Síntesis elemental: El explotador autónomo - 2. Síntesis cabal - 3. Síntesis funcional - 4. Capital o trabajo directivo - 5. Partidarios de la empresarialidad del trabajo(directivo)- II: 1. La prioridad - 2. El riesgo - 3. El beneficio - 4. Función profética - 5. Función dinámica- creadora - 6. Poder de decisión - III: Nuevas perspectivas de la función empresarial: 1. Análisis de algunos extremos - 2. El nuevo acento de los vectores empresariales - Anexos
942 _cBK
590 _aniveau_biblio:m niveau_hierar:0
100 1 _aSanchez Gil, Mariano
999 _c2348
_d2348